|
|
|
|
| LEADER |
00000cam a2200000 7i4500 |
| 001 |
0000091031 |
| 005 |
20230220121443.0 |
| 008 |
230219 may |
| 020 |
|
|
|a 9789672785781
|
| 040 |
|
|
|e rda
|
| 041 |
|
|
|a Malay
|
| 090 |
0 |
0 |
|a JP
|b MAL
|
| 100 |
0 |
|
|a Nuruljannah ,
|e (author)
|
| 245 |
0 |
0 |
|a Penulis cilik
|c Nuruljannah
|
| 264 |
|
1 |
|a Johor :
|b Sinaran Ilmu Learning & Consultancy Plt
|c 2022
|
| 300 |
|
|
|a 19 pages :
|b color illustrations ;
|c 20 cm.
|
| 336 |
|
|
|a text
|2 rdacontent
|
| 337 |
|
|
|a unmediated
|2 rdamedia
|
| 338 |
|
|
|a volume
|2 rdacarrier
|
| 500 |
|
|
|a Children age 4-6 years old (yellow)
|
| 541 |
|
|
|a Purchased on 2022
|f 22/62 SIL
|h RM15.00
|
| 650 |
|
0 |
|a Children stories, Malay
|
| 730 |
0 |
|
|a Title
|
| 999 |
|
|
|a 0001712103
|b Book
|c Children Collection
|e Perbadanan Perpustakaan Awam Johor
|
| 999 |
|
|
|a 0001712104
|b Book
|c Children Collection
|e Cawangan Urban Transformation Centre
|
| 999 |
|
|
|a 0001712105
|b Book
|c Children Collection
|e Cawangan AEON Kulaijaya
|
| 999 |
|
|
|a 0001712106
|b Book
|c Children Collection
|e Cawangan Pontian
|
| 999 |
|
|
|a 0001712107
|b Book
|c Children Collection
|e Cawangan Batu Pahat
|
| 999 |
|
|
|a 0001712108
|b Book
|c Children Collection
|e Cawangan Muar
|
| 999 |
|
|
|a 0001712109
|b Book
|c Children Collection
|e Cawangan Kota Tinggi
|
| 999 |
|
|
|a 0001712110
|b Book
|c Children Collection
|e Cawangan Tmn. Ungku Tun Aminah
|
| 999 |
|
|
|a 0001712111
|b Book
|c Children Collection
|e Cawangan Taman Universiti
|
| 999 |
|
|
|a 0001712112
|b Book
|c Children Collection
|e Cawangan Bandar Tenggara
|
| 999 |
|
|
|a 0001712113
|b Book
|c Children Collection
|e Cawangan Segamat
|
| 999 |
|
|
|a 0001712114
|b Book
|c Children Collection
|e Cawangan Taman Sri Lambak
|
| 999 |
|
|
|a 0001712115
|b Book
|c Children Collection
|e Cawangan Tangkak
|
| 999 |
|
|
|a 0001712116
|b Book
|c Children Collection
|e Perbadanan Perpustakaan Awam Johor
|
| 999 |
|
|
|a 0001712117
|b Book
|c Children Collection
|e Cawangan Mersing
|
| 999 |
|
|
|a 0001712118
|b Book
|c Children Collection
|e Cawangan Bukit Gambir
|
| 999 |
|
|
|a 0001712119
|b Book
|c Children Collection
|e Cawangan Bandar Penawar
|
| 999 |
|
|
|a 0001714114
|b Book
|c Children Collection
|e Desa - PPAJ
|
| 999 |
|
|
|a 0001714125
|b Book
|c Children Collection
|e Desa - PPAJ
|
| 999 |
|
|
|a 0001714126
|b Book
|c Children Collection
|e Desa - PPAJ
|
| 999 |
|
|
|a 0001714127
|b Book
|c Children Collection
|e Desa - PPAJ
|
| 999 |
|
|
|a 0001714128
|b Book
|c Children Collection
|e Desa - PPAJ
|
| 999 |
|
|
|a 0001714129
|b Book
|c Children Collection
|e Desa - PPAJ
|
| 999 |
|
|
|a 0001714130
|b Book
|c Children Collection
|e Desa - PPAJ
|
| 999 |
|
|
|a 0001714131
|b Book
|c Children Collection
|e Desa - PPAJ
|
| 999 |
|
|
|a 0001714132
|b Book
|c Children Collection
|e Desa - PPAJ
|
| 999 |
|
|
|a 0001714133
|b Book
|c Children Collection
|e Desa - PPAJ
|
| 999 |
|
|
|a 0001714155
|b Book
|c Children Collection
|e Desa - PPAJ
|
| 999 |
|
|
|a 0001714156
|b Book
|c Children Collection
|e Desa - PPAJ
|
| 999 |
|
|
|a 0001714157
|b Book
|c Children Collection
|e Desa - PPAJ
|
| 999 |
|
|
|a 0001714158
|b Book
|c Children Collection
|e Desa - PPAJ
|
| 999 |
|
|
|a 0001714159
|b Book
|c Children Collection
|e Desa - PPAJ
|
| 999 |
|
|
|a 0001714160
|b Book
|c Children Collection
|e Desa - PPAJ
|
| 999 |
|
|
|a 0001714161
|b Book
|c Children Collection
|e Desa - PPAJ
|
| 999 |
|
|
|a 0001714162
|b Book
|c Children Collection
|e Desa - PPAJ
|
| 999 |
|
|
|a 0001714163
|b Book
|c Children Collection
|e Desa - PPAJ
|
| 999 |
|
|
|a 0001714164
|b Book
|c Children Collection
|e Desa - PPAJ
|
| 999 |
|
|
|a 0001714165
|b Book
|c Children Collection
|e Desa - PPAJ
|
| 999 |
|
|
|a 0001714166
|b Book
|c Children Collection
|e Desa - PPAJ
|
| 999 |
|
|
|a 0001714167
|b Book
|c Children Collection
|e Desa - PPAJ
|
| 999 |
|
|
|a 0001714168
|b Book
|c Children Collection
|e Desa - PPAJ
|
| 999 |
|
|
|a 0001714169
|b Book
|c Children Collection
|e Desa - PPAJ
|
| 999 |
|
|
|a 0001714170
|b Book
|c Children Collection
|e Desa - PPAJ
|
| 999 |
|
|
|a 0001714198
|b Book
|c Children Collection
|e Desa - PPAJ
|
| 999 |
|
|
|a 0001714199
|b Book
|c Children Collection
|e Desa - PPAJ
|
| 999 |
|
|
|a 0001714200
|b Book
|c Children Collection
|e Desa - PPAJ
|
| 999 |
|
|
|a 0001714201
|b Book
|c Children Collection
|e Desa - PPAJ
|
| 999 |
|
|
|a 0001714202
|b Book
|c Children Collection
|e Desa - PPAJ
|
| 999 |
|
|
|a 0001714223
|b Book
|c Children Collection
|e Desa - PPAJ
|
| 999 |
|
|
|a 0001714224
|b Book
|c Children Collection
|e Desa - PPAJ
|
| 999 |
|
|
|a 0001714225
|b Book
|c Children Collection
|e Desa - PPAJ
|
| 999 |
|
|
|a 0001714226
|b Book
|c Children Collection
|e Desa - PPAJ
|
| 999 |
|
|
|a 0001714255
|b Book
|c Children Collection
|e Desa - PPAJ
|
| 999 |
|
|
|a 0001714256
|b Book
|c Children Collection
|e Desa - PPAJ
|
| 999 |
|
|
|a 0001714257
|b Book
|c Children Collection
|e Desa - PPAJ
|
| 999 |
|
|
|a 0001714258
|b Book
|c Children Collection
|e Desa - PPAJ
|
| 999 |
|
|
|a 0001714259
|b Book
|c Children Collection
|e Desa - PPAJ
|
| 999 |
|
|
|a 0001715098
|b Book
|c Children Collection
|e Desa - PPAJ
|